| 000 | 01367cam a22002533a 4500 | ||
|---|---|---|---|
| 001 | 7030 | ||
| 003 | PGUSA | ||
| 005 | 20140828083139.0 | ||
| 008 | 041201s2004||||xxu|||||s|||||000 | eng d | ||
| 040 |
_aPGUSA _beng |
||
| 042 | _adc | ||
| 050 | 4 | _aQH | |
| 100 | 1 |
_aJefferies, Richard, _d1848-1887 |
|
| 245 | 1 | 0 |
_aField and Hedgerow : _bBeing the Last Essays of Richard Jefferies _h[electronic resource] / _cRichard Jefferies |
| 260 |
_bProject Gutenberg, _c2004 |
||
| 505 | 0 | _aHours of spring -- Nature and books -- The July grass -- Winds of heaven -- The country Sunday -- The country-side: Sussex -- Swallow-time -- Buckhurst Park -- House-martins -- Among the nuts -- Walks in the wheat-fields -- Just before winter -- Locality and nature -- Country places -- Field words and ways -- Cottage ideas -- April gossip -- Some April insects -- The time of year -- Mixed days of May and December -- The makers of summer -- Steam on country roads -- Field sports in art: the mammoth hunter -- Birds' nests -- Nature in the Louvre -- Summer in Somerset -- An English deer-park -- My old village -- My chaffinch. | |
| 506 | _aPublic domain in the USA. | ||
| 516 | _aElectronic text | ||
| 653 | _aEngland -- Description and travel | ||
| 653 | _aNatural history | ||
| 830 | 0 |
_aProject Gutenberg _v7030 |
|
| 856 | 4 | 0 | _uhttp://www.gutenberg.org/ebooks/7030 |
| 942 | _cEB | ||
| 999 |
_c236350 _d236350 |
||